Cocktails - Sudden Death - Statistics

General Stats
  • This quiz has been taken 2,796 times
    521 since last reset
  • The average score is 14 of 24
Answers on the Grid
Answers color-coded by a green-red scale on the quiz's grid according to % correct below.
Mojito
Bloody Mary
Sex on the beach
Ouzo
Drambuie
Sambuca
Margarita
Soju
French martini
Mezcal
Cosmopolitan
Manhattan
Piña colada
Kumis
Tequila sunrise
Cuba libre
Singani
Horilka
Daiquiri
Bellini
Mimosa
Black Russian
Kvass
Chacha
Ayran
Moscow mule
Caipirinha
Singapore sling
Sharbat
Spritz
Awamori
Paloma
Barracuda
Kombucha
New York sour
Spicy Fifty
Falooda
Angel face
White lady
 
Answer Stats
Answer % Correct
Mojito
93%
Sex on the beach
90%
Bloody Mary
89%
Margarita
84%
Piña colada
82%
Tequila sunrise
76%
Cosmopolitan
75%
Mimosa
72%
Moscow mule
72%
Manhattan
71%
Daiquiri
70%
French martini
56%
Spritz
56%
Black Russian
55%
Cuba libre
54%
Bellini
47%
New York sour
46%
Singapore sling
46%
White lady
46%
Caipirinha
45%
Paloma
39%
Angel face
29%
Barracuda
25%
Spicy Fifty
25%
No matching quizzes found
Score Distribution
Percent of People with Each Score
Percentile by Number Answered
Your Score History
You have not taken this quiz since the last reset